00443nam a2200181Ia 4500008004100000020001800041050001400059100002600073245002300099245002600122260001500148260002800163260000900191300001600200300002700216300001000243500000800253170918s9999 xx 000 0 und d a9780545394567 bS539 2011 aShecter, Vicky Alvear aCleopatra's moon / cVicky Alvear Shecter. aNew York : bArthur A. Levine Books, c2011 a355 pages : bcolored illustration ; c20cm. a730